| 000 | 00818nam a22002177a 4500 | ||
|---|---|---|---|
| 003 | peliumch | ||
| 005 | 20260304154855.0 | ||
| 007 | ta | ||
| 008 | 260304b |||||||| |||| 00| 0 eng d | ||
| 020 | _a9789871456246 | ||
| 040 |
_aUMCH _bspa _cUMCH _darm _erda |
||
| 041 | _aspa | ||
| 082 |
_a332/E15/2008/M _2Primera edición. |
||
| 245 | _aMiscelánea de Negocios. | ||
| 250 | _aPrimera edición. | ||
| 300 |
_a200 p. _c20x14 cm. |
||
| 505 | 0 |
_g1 : _tLas empresas en sus comienzos -- _g2 : _tLas empresas familiares más antiguas -- _g3 : _tLos periódicos más antiguos que aún se encuentran en circulación -- _g4 : _tLa prensa de negocios -- _g5 : _tLas empresas más grandes del mundo -- _g6 : _tLas empresas más grandes de los EE.UU. |
|
| 700 |
_aThe Economist _eautor |
||
| 942 |
_2ddc _cLIB _n0 |
||
| 999 |
_c53676 _d53676 |
||